| 000 | 00382nam a22001577a 4500 | ||
|---|---|---|---|
| 003 | CEME | ||
| 005 | 20210628203528.0 | ||
| 008 | 210317b xxu||||| |||| 00| 0 eng d | ||
| 040 | _c. | ||
| 082 | _a621.3 PAL'A | ||
| 100 |
_aAdvanced American Devices _966048 |
||
| 245 | _aPal device data book and design guide | ||
| 260 |
_aUSA _bAMP _c1993 |
||
| 300 | _a6-37P | ||
| 942 |
_cBK _2ddc |
||
| 999 |
_c574090 _d574090 |
||